000 01003nam a2200253Ia 4500
003 OSt
005 20221005113354.0
006 a|||||r|||| 00| 0
007 ta
008 221004b |||||||| |||| 00| 0 pan d
020 _cINR 300.00
024 _a68750
037 _b1195, 20/02/2020, H.K. Prakashan
_cTextual
040 _aCRL
_cCRL
_bpan
041 _2pan
_apan
082 _aQ, 153Q9
100 _aਬੂਟਾ ਸਿੰਘ, ੳਗ.
245 0 _aਬ੍ਰਾਹਮਣਵਾਦੀਆਂ ਦੇ ਦਹਿFਤੀ ਕਾਰੇ
_b ਮੁਸਲਮਾਨਾਂ ਸਿਰ ਇਲਗ਼ਾਮ ਲਗਾਉਣ ਦੀ ਬ੍ਰਾਹਮਵਾਦੀ ਚਾਲ
260 _aਮਹਿਮੂੂਦਪੁਰ
_bਬਾਬਾ ੁਬੂੂਝਾ ਸਿੰਘ ਪ੍ਰਕਾFਨ ਭਾਰਤ
_c2019
300 _a264ਪ੍ਰ0
_ccm.
650 _aਧਰਮ
942 _hQ, 153Q9
_cTEXL
_2cc
999 _c1027955
_d1027955